000 00594nam a22002297a 4500
003 UA-OsUOA
001 47787
007 ta
008 20070820b un ||||| |||| 00| 0 ukr d
100 _aНосович В.И.
090 _a2(091)
_bН84
942 _cBK
040 _aUA-OsUOA
_brus
_cUA-OsUOA
_dUA-OsUOA
245 _aНаучный атеизм о религиозной психологии
300 _a133 с.
955 _a2
041 _arus
080 _a2(091)
260 _aМ.
_bНаука
_c1975
650 7 _a2 Релігія. Теологія.
_2UDC
999 _c333895
_d333895